| 000 | 00796nam a2200229 a 4500 | ||
|---|---|---|---|
| 001 | 18486 | ||
| 003 | CO-ViMGA | ||
| 008 | 141112s2004 ck r 000 u spa d | ||
| 020 | _a9681664339 | ||
| 040 |
_aCO-ViMGA _bspa _cCO-ViMGA |
||
| 082 | 0 | 4 | _a660.65 S653 |
| 100 | 1 |
_aSoberón Mainero, Francisco Xavier _926317 |
|
| 245 | 1 | 0 | _aLa Ingeniería genética , la nueva biotecnología y la era genómica - Ciencia para todos |
| 260 |
_aMexico, _cFondo de cultura económica, _c2002 |
||
| 300 | _a201.p. | ||
| 490 | _aCiencias para todos | ||
| 590 |
_aForma de adquisición : Premio - Mincultura Ej. 1. Ej.2 donación - - Precio : Ej. 1 _15.000, Ej.2 _12.000 - - Ejemplares : 2 |
||
| 650 | 1 | 4 | _aBIOTECNOLOGIA |
| 650 | 1 | 4 |
_aCLONACION _98486 |
| 650 | 1 | 4 |
_aINGENIERIA GENética _952937 |
| 942 |
_2ddc _cBK |
||
| 999 |
_c351 _d351 |
||